The focus model: systematic school improvement for all schools/

Saved in:
Bibliographic Details
Main Author: JONES, B. R.
Format: Book
Language:English
Published: CORWIN press, 2014
Tags: Add Tag
No Tags, Be the first to tag this record!

MARC

LEADER 00000nam a22000007a 4500
008 210818b ||||| |||| 00| 0 eng d
020 |a ISBN: 978-1-4833-4427-0 
100 |a JONES, B. R. 
245 |a The focus model:   |b systematic school improvement for all schools/  |c  B. R. Jones  |g  X, 165p. ill. 
260 |b CORWIN press,   |c  2014  |h Thousand Oaks, California  |i 692437 – EDU.,   |i  692438  |l LB2822.82 .J73  |m 1. School improvement programs – United States  |m 2. Professional learning communities – United States  |m 3. Effective teaching – United States.  |m I. Title. 
500 |a “It includes index and references” 
942 |a lcc  |c BK  |e j. o. ifatola 
952 |0 0  |1 0  |2 lcc  |4 0  |6 LB282282 J73  |7 0  |9 3100  |a ED  |b HOL  |c LP  |d 2021-08-18  |l 0  |o LB2822.82 .J73  |p 2021-66798  |r 2021-08-18 00:00:00  |w 2021-08-18  |y BK 
952 |0 0  |1 0  |2 lcc  |4 0  |6 LB282282 J73  |7 0  |9 3101  |a ED  |b HOL  |c LP  |d 2021-08-18  |l 0  |o LB2822.82 .J73  |p 2021-66799  |r 2021-08-18 00:00:00  |w 2021-08-18  |y BK 
999 |c 1572  |d 1572